Enseñanza de 7 conceptos cruciales del psicoanalisis (Registro nro. 14219)

Detalles MARC
000 -CABECERA
Longitud fija campo de control 00686nam a2200205 a 4500
003 - • IDENTIFICADOR DELl NÚMERO DE CONTROL
Identificador del número de control CO-ViMGA
008 - • CÓDIGOS DE INFORMACIÓN DE LONGITUD FIJA
Códigos de información de longitud fija 141112s2004 ck r 000 u spa d
040 ## - FUENTE DE LA CATALOGACIÓN
Centro catalogador de origen CO-ViMGA
Lengua de catalogación spa
Centro transcriptor CO-ViMGA
082 04 - • NÚMERO DE LA CLASIFICACIÓN DECIMAL DEWEY
Número de clasificación (R) 616.8917 N174
100 1# - • PUNTO DE ACCESO PRINCIPAL-NOMBRE DE PERSONA
Nombre de persona Nasio, Juan David
245 10 - • TITULO PROPIAMENTE DICHO
Título Enseñanza de 7 conceptos cruciales del psicoanalisis
250 ## - • MENCIÓN DE EDICIÓN
Mención de edición 4a
300 ## - • DESCRIPCIÓN FÍSICA
Extensión 238 p : il
490 ## - • MENCIÓN DE SERIE
Mención de serie Freudiana
505 ## - • NOTA DE CONTENIDO CON FORMATO
Nota de contenido con formato El concepto de castración 13 - - El concepto de narcisismo 61 - - El concepto de identificación 133 - - El concepto del super yo 179 - - El concepto de forclusión 209
650 14 - • PUNTO DE ACCESO ADICIONAL DE MATERIA - TÉRMINO DE MATERIA
Término de materia o nombre geográfico como elemento inicial PSICOANALISIS
942 ## - ENTRADA DE ELEMENTOS AGREGADOS (KOHA)
Fuente de clasificaión o esquema Dewey Decimal Classification
Koha [por defecto] tipo de item LIbro
Existencias
Perdido Fuente de clasificación o esquema Estado Físico No para préstamo Forma de adquisición Localización permanente Localización actual Fecha adquisición Serie de enumeración / cronolog&íacute;a Préstamos totales Renovaciones totales Signatura completa Código de barras Fecha última consulta Fecha último préstamo Número de copia Fecha del precio de reemplazo Tipo de item de Koha
Missing Dewey Decimal Classification     Sala Especializada Tercer Piso Biblioteca Pública Germán Arciniegas - Villavicencio Biblioteca Pública Germán Arciniegas - Villavicencio 12/04/2015 Volumen. 1 | 11/jun/2009 2 1 616.8917 N174 00119 03/19/2025 02/21/2025 Ej. 1 12/04/2015 LIbro









Instituto Departamental de Cultura del Meta - Red Departamental de Bibliotecas Públicas del Meta.